De 5e en 6e eeuw - Statistieken

Algemene statistieken
  • Deze quiz is 18 keer genomen
  • De gemiddelde score is 12 van 21
Antwoordstatistieken
Jaar Beschrijving Antwoord % Correct
570 Mohammed wordt geboren in deze stad Mekka
93%
541 Deze ziekte duikt voor het eerst op met grote gevolgen voor het Byzantijnse Rijk Zwarte Dood
87%
450 De stad Teotihuacán bereikt zijn hoogtepunt en ligt in dit land Mexico
80%
508 Clovis maakt van deze stad de hoofdstad van het Frankische Rijk Parijs
80%
420 Deze stad wordt gesticht in een lagune aan de Adriatische Zee Venetië
73%
578 Het bedrijf Kongogumi wordt opgericht in dit land, het zou tot 2006 een onafhankelijk bedrijf blijven Japan
67%
482 Een hedendaagse hoofdstad wordt gesticht aan de oevers van de Dnjepr Kiev
67%
432 Deze heilige komt aan in Ierland Saint Patrick
67%
5e Dit bordspel verspreidt zich vanuit India naar Perzië en verder Schaken
67%
522 Byzantijnse monniken stelen het "recept" om deze stof te maken van de Chinezen Zijde
67%
537 Deze beroemde kerk, nu een moskee, wordt voltooid in Constantinopel Hagia Sophia
60%
427 Deze stad wordt de hoofdstad van het Koreaanse Koninkrijk Pyongyang
60%
476 Dit Rijk komt ten val en hiermee beginnen de Middeleeuwen West Romeinse Rijk
60%
4e Anglicanen, Saksen en Juten vallen dit eiland binnen en vestigen er nederzettingen Groot Brittannië
53%
415 De heidense filosoof Hypatia wordt vermoord in deze belangrijke Afrikaanse stad Alexandrië
47%
446 Deze religie wordt afgeschaft in China, dat zou nadien nog drie keer gebeuren Boeddhisme
47%
453 Deze beruchte leider van de Hunnen overlijdt Attila
40%
531 Khosrow I komt aan de macht in het Rijk van de Sassaniden, dat in dit hedendaags land ligt Iran
40%
477 Dit beroemde Chinese klooster, bekend vanwege de vechtkunst, wordt gesticht Shaolin
20%
4e De Chinezen beginnen zich te vestigen in de regio ten zuiden van deze rivier Jangtse
7%
565 Deze belangrijke Byzantijnse Kiezer overlijdt na een poging om het gehele Romeinse Rijk weer één te maken Justinianus
7%
Geen overeenkomende quizzen gevonden
Scoreverdeling
Procent van Mensen met Elke Score
Percentiel versus Aantal Correcte Antwoorden
Uw Scoregeschiedenis
U heeft deze quiz nog niet genomen